The Beatles: UK Number One Singles - Statistics

General Stats
  • This quiz has been taken 800 times
  • The average score is 11 of 18
Answer Stats
Year Number One Hit % Correct
1968 Hey Jude
84%
1965 Help!
80%
1963 She Loves You
75%
1963 She Loves You (2nd Time)
75%
1964 A Hard Days Night
70%
1963 I Want To Hold Your Hand
70%
1966 Yellow Submarine
65%
1969 Get Back (feat. Billy Preston)
56%
1966 Paperback Writer
56%
1967 All You Need Is Love
54%
1964 Can't Buy Me Love
53%
1965 Ticket To Ride
51%
1965 Day Tripper
49%
1967 Hello Goodbye
46%
1968 Lady Madonna
46%
1963 From Me To You
44%
1964 I Feel Fine
43%
1969 The Ballad Of John And Yoko
41%
No matching quizzes found
Score Distribution
Percent of People with Each Score
Percentile by Number Answered
Your Score History
You have not taken this quiz